| 000 | 00855nam a22002057a 4500 | ||
|---|---|---|---|
| 005 | 20250731111738.0 | ||
| 010 | _aHIN-130080 | ||
| 020 |
_a9788194197751 _c550.00 |
||
| 035 | _aHN-102426 | ||
| 037 | _bDBAD | ||
| 082 | _a808.88 | ||
| 100 |
_aशिवदत्त _983520 |
||
| 245 |
_aशब्दजा: _cशिवदत्त _bएक बावरे पाठक का सफ़रनामा/ |
||
| 250 | _aप्रथम | ||
| 260 |
_aबीकानेर _bवत्सल प्रकाशन _c2023 |
||
| 270 |
_bबीकानेर _aसांखला प्रिंटर्स, विनायक शिखर, शिवबाड़ी रोड, बीकानेर _e334003 |
||
| 300 |
_a488 पृ. _c21.6 से.मी.(अजिल्द) |
||
| 700 | _983516 | ||
| 942 |
_2ddc _cHN _h808.88 _mशिवद |
||
| 999 |
_c212740 _d212740 |
||